| 000 | 00473nam a2200181Ia 4500 | ||
|---|---|---|---|
| 001 | 11499 | ||
| 005 | 20260306162832.0 | ||
| 008 | 260306t1979||||xx |||||||||||||| ||spa|| | ||
| 041 | _aESP | ||
| 082 |
_a985.06 _bP26 |
||
| 100 |
_aPardo y Barreda, José _eAUT |
||
| 245 | 0 | _aHistoria del tratado secreto de alianza defensiva entre el Perú y Bolivia | |
| 260 | _c1979 | ||
| 300 |
_a86 páginas : _c21cm. |
||
| 650 | _aGEN | ||
| 654 | _aCHU | ||
| 942 |
_cLIB _dJUS _fJUS _2ddc _n |
||
| 999 |
_c11499 _d11499 |
||